| 000 | 00874nam a22002057a 4500 | ||
|---|---|---|---|
| 999 |
_c61162 _d61162 |
||
| 005 | 20231226113434.0 | ||
| 008 | 231226s1979 ru ||||| |||| 00| 0 rus d | ||
| 041 | _arus | ||
| 080 | _a904(37+38) Я-71 | ||
| 100 |
_a Ярхо, В. Н. _920888 |
||
| 245 |
_aУ истоков европейской комедии / _cВ.Н. Ярхо ; Отв. ред. М.Л. Гаспаров. |
||
| 264 |
_aМосква : _b Наука, _c1979. |
||
| 300 |
_a174 стр. : _bилл. ; _c 20 см. |
||
| 440 |
_aИз истории мировой культуры _920889 |
||
| 653 | _aლიტერატურათმცოდნეობა | ||
| 653 | _aუცხოური ლიტერატურა | ||
| 653 | _aევროპის ლიტერატურა | ||
| 700 |
_a Гаспаров, М. _eრედაქტორი _920890 |
||
| 942 |
_2udc _cᲬᲘᲒᲜᲘ |
||